Jeux verbaux et créations verbales : Fonctionnement et illustrations (notice n° 1567194)
[ vue normale ]
| 000 -LEADER | |
|---|---|
| fixed length control field | 01295cam a2200133 4500500 |
| 005 - DATE AND TIME OF LATEST TRANSACTION | |
| control field | 20251214002606.0 |
| 041 ## - LANGUAGE CODE | |
| Language code of text/sound track or separate title | fre |
| 042 ## - AUTHENTICATION CODE | |
| Authentication code | dc |
| 100 10 - MAIN ENTRY--PERSONAL NAME | |
| Personal name | Arcand, Richard |
| Relator term | author |
| 245 00 - TITLE STATEMENT | |
| Title | Jeux verbaux et créations verbales : Fonctionnement et illustrations |
| 260 ## - PUBLICATION, DISTRIBUTION, ETC. | |
| Name of publisher, distributor, etc. | Armand Colin,<br/> |
| Date of publication, distribution, etc. | 2017.<br/> |
| 520 ## - SUMMARY, ETC. | |
| Summary, etc. | Voici un ouvrage riche et abordable, aussi amusant qu’instructif, sur le fonctionnement des jeux verbaux et des créations verbales. Ce livre offre une vue d’ensemble organisée, abondamment illustrée, où les procédés s’éclairent les uns les autres. Il vise la pleine compréhension des jeux de langage et, par conséquent, une connaissance accrue du fonctionnement de la langue française.Il s’adresse aux étudiants en langue et littérature françaises, en linguistique, en communication, en publicité mais aussi à tous les enseignants et professeurs de langue et de littérature française et à tous ceux qui aspirent à le devenir. Tous les amoureux de la langue française, en particulier ceux qui ont un intérêt marqué pour ses manifestations ludiques et humoristiques, ne manqueront pas d’être passionnés par ce livre. |
| 856 41 - ELECTRONIC LOCATION AND ACCESS | |
| Uniform Resource Identifier | <a href="https://shs.cairn.info/jeux-verbaux-et-creations-verbales--9782200619503?lang=fr&redirect-ssocas=7080">https://shs.cairn.info/jeux-verbaux-et-creations-verbales--9782200619503?lang=fr&redirect-ssocas=7080</a> |
Pas d'exemplaire disponible.




Réseaux sociaux